|
|
|
|
| LEADER |
00000nam a22000007a 4500 |
| 005 |
20181029232427.0 |
| 007 |
cr|||| |||| |
| 008 |
181029s2017 co |||||s|||| 00||0 spa d |
| 020 |
|
|
|a 978-958-784-007-0
|
| 035 |
|
|
|a 21840
|
| 040 |
|
|
|a vLex
|
| 090 |
|
|
|c 8212
|d 8212
|
| 100 |
1 |
|
|a Camacho-Ramr̕ez, Adriana
|
| 245 |
1 |
4 |
|a De la estabilidad laboral relativa, ¿a la estabilidad laboral absoluta?
|h [Recurso electrn̤ico] :
|b Estabilidad laboral reforzada en el empleo /
|c Adriana Camacho-Ramr̕ez
|
| 256 |
|
|
|a Servicio en ln̕ea
|
| 260 |
|
|
|a Bogot:̀
|b Editorial Universidad de Rosario (Colombia),
|c 2017
|
| 300 |
|
|
|a 1 recurso electrn̤ico
|
| 506 |
1 |
|
|a Disponible solo en los productos indicados
|d vLex Global
|d vLex Global (Academic Edition, excluding Law Schools)
|d vLex Global (U.S. Academic Edition, Law Schools)
|d vLex Global (U.S. Academic Edition, excluding Law Schools)
|d vLex Global (Academic Edition, Law Schools)
|
| 650 |
0 |
4 |
|a Derecho Laboral y Seguridad Social
|z Colombia
|
| 740 |
0 |
|
|a vLex Libros (Servicio en ln̕ea)
|
| 856 |
4 |
0 |
|u http://vlex.com/source/estabilidad-laboral-relativa-estabilidad-laboral-absoluta-estabilidad-laboral-reforzada-empleo-21840
|z Acceso restringido
|
| 942 |
|
|
|c BOOK
|
| 999 |
0 |
|
|a Labor law and social security
|